| 000 | 00515nam a22001817a 4500 | ||
|---|---|---|---|
| 008 | 170330b xxu||||| |||| 00| p tur d | ||
| 020 | _a9750806832 | ||
| 041 | _atur | ||
| 050 | _aPL219 | ||
| 100 |
_aAltınel, Şavkar _9158 |
||
| 245 | _aSoğuğa Açılan Kapı Şiir Üstüne Yazılar | ||
| 250 | _a1. Baskı | ||
| 260 |
_aİstanbul _bYapı Kredi Yayınları _cKasım 2003 |
||
| 300 | _a157 sayfa | ||
| 500 | _aYapı Kredi Yayınları: 1931; Şiir: 176 | ||
| 650 | 0 |
_9145 _aTürk Edebiyatı |
|
| 942 |
_2lcc _cBK |
||
| 999 |
_c1278 _d1256 |
||